ထူပဝင်ဝတ္ထု ၊ မဟာထူပဝင်-စူဠပဝင်နှစ်စောင်တွဲ။ (Record no. 21076)

000 -LEADER
fixed length control field 00710nam a2200193Ia 4500
003 - CONTROL NUMBER IDENTIFIER
control field OSt
005 - DATE AND TIME OF LATEST TRANSACTION
control field 20250217143148.0
007 - PHYSICAL DESCRIPTION FIXED FIELD--GENERAL INFORMATION
fixed length control field ca aa aaaaa
008 - FIXED-LENGTH DATA ELEMENTS--GENERAL INFORMATION
fixed length control field 201103s9999 xx 000 0 und d
040 ## - CATALOGING SOURCE
Transcribing agency SSBUL
041 ## - LANGUAGE CODE
Language code of text/sound track or separate title bur
082 ## - DEWEY DECIMAL CLASSIFICATION NUMBER
Classification number ၂၉၄.၃၄၃၅၀၉
Item number ထူ
245 #0 - TITLE STATEMENT
Title ထူပဝင်ဝတ္ထု ၊ မဟာထူပဝင်-စူဠပဝင်နှစ်စောင်တွဲ။
260 ## - PUBLICATION, DISTRIBUTION, ETC.
Place of publication, distribution, etc. ရန်ကုန် ၊
Name of publisher, distributor, etc. ဟံသဝတီပိဋကတ်ပုံနှိပ်တိုက်၊
Date of publication, distribution, etc. ၁၉၅၈။
300 ## - PHYSICAL DESCRIPTION
Extent ဏ၊ ၂၃၉ စာမျက်နှာ ၊
Dimensions ၂၀ စင်တီ။
942 ## - ADDED ENTRY ELEMENTS (KOHA)
Koha item type Books (Long term)
Source of classification or shelving scheme
Source of classification or shelving scheme
Source of classification or shelving scheme
Holdings
Withdrawn status Lost status Source of classification or shelving scheme Damaged status Not for loan Collection code Permanent Location Current Location Shelving location Date acquired Total Checkouts Full call number Barcode Date last seen Price effective from Koha item type Accession
          Myanmar Collection Shan State Buddhist University Library Shan State Buddhist University Library Myanmar Shelves 17/02/2023   ၂၉၄.၃၄၃၅၀၉ ထူ ၁၀၆၀ MB00001060 17/02/2023 17/02/2023 Books (Long term) ၁၀၆၀

Library - 09407999929
Admin Office - 09407999979
Dean Office - 09250910768
Registrar Office - 09892297154
Email - [email protected]
Shan State Buddhist University, Phaya Phyu Taunggyi, Shan State, Myanmar.